[Event "Berlin Teschner Memorial"]
[Site "Berlin"]
[Date "2023.05.19"]
[Round "3"]
[White "Richter, Michael"]
[Black "Lacan Rus, David"]
[Result "1-0"]
[WhiteElo "2450"]
[BlackElo "2072"]
[PlyCount "73"]
[EventDate "2023.05.18"]
[EventType "swiss"]
[EventRounds "7"]
[EventCountry "GER"]
[SourceTitle "CBM 214 Extra"]
[Source "ChessBase"]
[SourceDate "2023.07.31"]
[SourceVersion "1"]
[SourceVersionDate "2023.07.31"]
[SourceQuality "1"]

1. d4 Nf6 2. Bg5 c5 3. d5 Ne4 4. Bf4 e6 5. f3 Bd6 6. Bxd6 Nxd6 7. e4 b5 8. c4 bxc4 9. Nc3 0-0 10. Qd2 e5 11. Nh3 f5 12. exf5 Nxf5 13. d6 Kh8 14. Ng5 Nc6 15. Bxc4 Ncd4 16. Nce4 Qe8 17. 0-0-0 Bb7 18. h4 Bxe4 19. Nxe4 Rb8 20. h5 Rb6 21. h6 g6 22. Rhe1 Nxd6 23. Nxd6 Rxd6 24. Qa5 Nc6 25. Qxc5 Rxd1+ 26. Rxd1 Rf4 27. Bd5 Qe7 28. Qxe7 Nxe7 29. Be4 Ng8 30. Rxd7 Nxh6 31. Rxa7 Nf5 32. Ra5 Rh4 33. Bxf5 gxf5 34. Rxe5 f4 35. b4 Kg7 36. b5 Kf6 37. Re4 1-0

[Event "Berlin-ch"]
[Site "Berlin"]
[Date "2023.04.08"]
[Round "1"]
[White "Piz, Maxim"]
[Black "Richter, Michael"]
[Result "0-1"]
[WhiteElo "2158"]
[BlackElo "2465"]
[PlyCount "96"]
[EventDate "2023.04.08"]
[EventType "swiss"]
[EventRounds "9"]
[EventCountry "GER"]
[SourceTitle "CBM 213 Extra"]
[Source "ChessBase"]
[SourceDate "2023.05.31"]
[SourceVersion "1"]
[SourceVersionDate "2023.05.31"]
[SourceQuality "1"]

1. e4 e6 2. d4 d5 3. exd5 exd5 4. Bd3 c5 5. Nf3 c4 6. Be2 Bd6 7. b3 cxb3 8. axb3 Ne7 9. 0-0 Nbc6 10. c4 0-0 11. Nc3 h6 12. h3 Bf5 13. Nb5 Bb8 14. Ba3 Re8 15. Bd3 a6 16. Bxe7 Nxe7 17. Re1 Be6 18. Nc3 Bc7 19. Na4 Ba5 20. Re2 Bb4 21. c5 Nc6 22. Bb1 Qf6 23. Raa2 Rad8 24. Ne5 g6 25. Nxc6 bxc6 26. Re3 Bf5 27. Rae2 Rxe3 28. fxe3 Bxb1 29. Qxb1 Re8 30. Qd3 a5 31. e4 dxe4 32. Rxe4 Rd8 33. Qe3 Kg7 34. Nb6 Rxd4 35. Qxd4 Qxd4+ 36. Rxd4 Bxc5 37. Nd7 Bxd4+ 38. Kf1 f6 39. Nb8 Kf7 40. Ke2 Ke6 41. Nxc6 Bb6 42. b4 a4 43. Kd3 Kd6 44. Nb8 Kd5 45. Na6 f5 46. b5 g5 47. Kc3 Ba5+ 48. Kd3 a3 0-1

[Event "BL2-Nord 2223"]
[Site "Germany"]
[Date "2023.03.19"]
[Round "10.2"]
[White "Ostrovskiy, Andrey"]
[Black "Richter, Michael"]
[Result "1/2-1/2"]
[WhiteElo "2418"]
[BlackElo "2479"]
[PlyCount "67"]
[EventDate "2022.10.22"]
[EventType "team-tourn"]
[EventRounds "10"]
[EventCountry "GER"]
[SourceTitle "EXT 2024"]
[Source "ChessBase"]
[SourceDate "2023.10.10"]
[SourceVersion "1"]
[SourceVersionDate "2023.10.10"]
[SourceQuality "1"]
[WhiteTeam "Norderstedt"]
[BlackTeam "Koenig Tegel"]
[WhiteTeamCountry "GER"]
[BlackTeamCountry "GER"]

1. e4 c5 2. Nf3 Nc6 3. d4 cxd4 4. Nxd4 Nf6 5. Nc3 e5 6. Ndb5 d6 7. Bg5 a6 8. Na3 b5 9. Nd5 Be7 10. Bxf6 Bxf6 11. c4 b4 12. Nc2 0-0 13. g3 g6 14. h4 Bg7 15. Bh3 f5 16. h5 Qa5 17. 0-0 Qc5 18. hxg6 hxg6 19. exf5 gxf5 20. Qh5 Ra7 21. Rad1 Raf7 22. Nce3 Qa7 23. Qg6 Nd4 24. Rxd4 exd4 25. Ng2 d3 26. Ngf4 d2 27. Nh5 Kh8 28. Bg2 Qd4 29. Bf3 Be5 30. Qh6+ Kg8 31. Qg5+ Kh8 32. Qh6+ Kg8 33. Qg5+ Kh8 34. Qh6+ 1/2-1/2

[Event "BL2-Nord 2223"]
[Site "Germany"]
[Date "2023.03.18"]
[Round "9.2"]
[White "Richter, Michael"]
[Black "Olsen, Filip Boe"]
[Result "1/2-1/2"]
[WhiteElo "2479"]
[BlackElo "2419"]
[PlyCount "206"]
[EventDate "2022.10.22"]
[EventType "team-tourn"]
[EventRounds "10"]
[EventCountry "GER"]
[SourceTitle "EXT 2024"]
[Source "ChessBase"]
[SourceDate "2023.10.10"]
[SourceVersion "1"]
[SourceVersionDate "2023.10.10"]
[SourceQuality "1"]
[WhiteTeam "Koenig Tegel"]
[BlackTeam "Kiel Turm II"]
[WhiteTeamCountry "GER"]
[BlackTeamCountry "GER"]

1. d4 Nf6 2. Bg5 d5 3. Bxf6 gxf6 4. e3 c5 5. dxc5 e6 6. c4 dxc4 7. Nd2 c3 8. bxc3 Bxc5 9. Qh5 Be7 10. Ngf3 Nc6 11. Rb1 a6 12. Be2 Qa5 13. Qh6 Qf5 14. 0-0 Qg6 15. Qf4 0-0 16. e4 Rd8 17. Nc4 b5 18. Nb6 Rb8 19. Nxc8 Rbxc8 20. a4 Ne5 21. axb5 axb5 22. Nxe5 fxe5 23. Qf3 Qf6 24. Qxf6 Bxf6 25. Rb3 Rd2 26. Bxb5 Be7 27. g3 Bc5 28. Ba6 Ra8 29. Rb5 Be7 30. Rb6 Rd6 31. Rxd6 Bxd6 32. Ra1 Rb8 33. Be2 Rb2 34. Kf1 Bc5 35. Ra8+ Kg7 36. Rc8 Bb6 37. Rb8 Rb1+ 38. Kg2 Rb2 39. Kf3 Kg6 40. h4 f5 41. exf5+ exf5 42. c4 e4+ 43. Kg2 Rxe2 44. Rxb6+ Kf7 45. Kf1 Rc2 46. Rc6 Rc1+ 47. Ke2 Rc2+ 48. Ke3 Rc3+ 49. Kd2 Rf3 50. Ke2 f4 51. gxf4 Rxf4 52. h5 Rf5 53. Ke3 Rxh5 54. Kxe4 Rh1 55. Kf5 h5 56. Rc7+ Ke8 57. f4 h4 58. Kf6 h3 59. Re7+ Kd8 60. f5 h2 61. Re2 Kd7 62. c5 Kc6 63. Ke6 Kxc5 64. f6 Kd4 65. f7 Kd3 66. Rxh2 Rxh2 67. f8Q Ke2 68. Ke5 Rh5+ 69. Kf4 Rh4+ 70. Kg3 Rd4 71. Qf3+ Kd2 72. Kf2 Kc2 73. Qa3 Rd3 74. Qb4 Rb3 75. Qa4 Kc3 76. Ke3 Rb4 77. Qc6+ Rc4 78. Qb5 Rb4 79. Qc6+ Rc4 80. Qb5 Rb4 81. Qe5+ Kb3 82. Kd3 Ka4 83. Qc7 Rb3+ 84. Kc2 Rb5 85. Qd8 Rb4 86. Qd6 Kb5 87. Kc3 Rc4+ 88. Kd3 Rc6 89. Qd7 Kc5 90. Ke4 Rb6 91. Qd5+ Kb4 92. Kd4 Ka4 93. Kc3 Rh6 94. Kc4 Rh4+ 95. Kc5 Ka3 96. Qf3+ Ka4 97. Qd1+ Ka3 98. Qd3+ Ka4 99. Qe2 Kb3 100. Qf3+ Ka4 101. Qa8+ Kb3 102. Qb7+ Ka3 103. Qf3+ Ka4 1/2-1/2

[Event "BL2-Nord 2223"]
[Site "Germany"]
[Date "2022.10.23"]
[Round "2.2"]
[White "Richter, Michael"]
[Black "Klimkowski, Jan"]
[Result "1/2-1/2"]
[WhiteElo "2479"]
[BlackElo "2441"]
[PlyCount "46"]
[EventDate "2022.10.22"]
[EventType "team-tourn"]
[EventRounds "10"]
[EventCountry "GER"]
[SourceTitle "EXT 2024"]
[Source "ChessBase"]
[SourceDate "2023.10.10"]
[SourceVersion "1"]
[SourceVersionDate "2023.10.10"]
[SourceQuality "1"]
[WhiteTeam "Koenig Tegel"]
[BlackTeam "Ruedersdorf Glueckauf"]
[WhiteTeamCountry "GER"]
[BlackTeamCountry "GER"]

1. d4 Nf6 2. Nf3 e6 3. e3 d5 4. Bd3 Be7 5. 0-0 0-0 6. Nbd2 c5 7. dxc5 Bxc5 8. a3 a5 9. e4 Nc6 10. e5 Nd7 11. Qe2 Be7 12. c4 Nc5 13. Bc2 b6 14. Rd1 Ba6 15. b3 Qc7 16. Bb2 Rfd8 17. Qe3 dxc4 18. Nxc4 Bxc4 19. bxc4 Rxd1+ 20. Rxd1 Rd8 21. Rxd8+ Qxd8 22. Nd4 Nxd4 23. Qxd4 Qxd4 1/2-1/2

[Event "Bundesliga 2122"]
[Site "Germany"]
[Date "2022.04.09"]
[Round "3.5"]
[White "Richter, Michael"]
[Black "Lupulescu, Constantin"]
[Result "0-1"]
[WhiteElo "2496"]
[BlackElo "2622"]
[PlyCount "116"]
[EventDate "2022.03.05"]
[EventType "team-tourn"]
[EventRounds "15"]
[EventCountry "GER"]
[SourceTitle "EXT 2023"]
[Source "ChessBase"]
[SourceDate "2022.10.05"]
[SourceVersion "1"]
[SourceVersionDate "2022.10.05"]
[SourceQuality "1"]
[WhiteTeam "Koenig Tegel"]
[BlackTeam "Kiel Turm"]
[WhiteTeamCountry "GER"]
[BlackTeamCountry "GER"]

1. d4 Nf6 2. Nf3 d5 3. e3 c5 4. c3 e6 5. Nbd2 Nbd7 6. Bd3 b6 7. 0-0 Bb7 8. Qe2 Ne4 9. Ne5 Bd6 10. f4 0-0 11. Bxe4 dxe4 12. Ndc4 Ba6 13. b3 f6 14. Nxd7 Qxd7 15. a4 Qc6 16. Ba3 Rfd8 17. Rfd1 Bf8 18. dxc5 bxc5 19. Rxd8 Rxd8 20. Rd1 Bxc4 21. bxc4 Rd3 22. Rxd3 exd3 23. Qxd3 Qxa4 24. Bc1 Qa1 25. Qc2 a5 26. Kf2 a4 27. Qb2 Qxb2+ 28. Bxb2 Kf7 29. e4 Kg6 30. Kf3 f5 31. g4 fxg4+ 32. Kxg4 Be7 33. Ba3 Kf7 34. Kf3 Bf6 35. Bb2 Ke8 36. Ke2 Kf7 37. Kf3 g5 38. fxg5 Bxg5 39. Kg4 Kg6 40. Kf3 Kh5 41. Ba3 Be7 42. h3 Bd6 43. Kg2 Kh4 44. Bc1 Be5 45. Ba3 Bxc3 46. Bxc5 Kg5 47. Bd6 Kf6 48. Ba3 Ke5 49. Kf3 Kd4 50. c5 Ba5 51. h4 Kc4 52. Kf4 Bc7+ 53. Kg5 Bd8+ 54. Kf4 Kd4 55. c6 Bc7+ 56. Kf3 h5 57. Be7 Kc4 58. Ke3 Kb5 0-1

[Event "Bundesliga 2122"]
[Site "Germany"]
[Date "2022.03.05"]
[Round "1.3"]
[White "Richter, Michael"]
[Black "Martinovic, Sasa"]
[Result "0-1"]
[WhiteElo "2496"]
[BlackElo "2554"]
[PlyCount "80"]
[EventDate "2022.03.05"]
[EventType "team-tourn"]
[EventRounds "15"]
[EventCountry "GER"]
[SourceTitle "EXT 2023"]
[Source "ChessBase"]
[SourceDate "2022.10.05"]
[SourceVersion "1"]
[SourceVersionDate "2022.10.05"]
[SourceQuality "1"]
[WhiteTeam "Koenig Tegel"]
[BlackTeam "Muenchen 36"]
[WhiteTeamCountry "GER"]
[BlackTeamCountry "GER"]

1. e4 c5 2. Nf3 d6 3. Bb5+ Nd7 4. Ba4 Ngf6 5. c4 g6 6. Nc3 Bg7 7. 0-0 0-0 8. d4 cxd4 9. Nxd4 Nb6 10. Bb3 Nfd7 11. Bg5 h6 12. Bh4 Ne5 13. Rc1 g5 14. Bg3 Nbxc4 15. Nd5 Nxb2 16. Qe2 Nbd3 17. Rcd1 e6 18. f4 gxf4 19. Nxf4 Nxf4 20. Bxf4 Bd7 21. Kh1 Qe7 22. Qh5 Qf6 23. Bg3 Qg5 24. Qe2 a6 25. Nf3 Qh5 26. a4 Rad8 27. Rd2 Bc6 28. Rfd1 Nxf3 29. gxf3 Be5 30. Rg1 Kh7 31. Qd3 Rg8 32. f4 Qg6 33. Bc2 Bxf4 34. Rdg2 Bxg3 35. Rxg3 Qh5 36. R1g2 Qe5 37. Qf3 f5 38. Qh5 Qa1+ 39. Rg1 Qf6 40. R1g2 Rxg3 0-1

[Event "BL2-Nord 1920"]
[Site "Germany"]
[Date "2021.08.07"]
[Round "9.3"]
[White "Richter, Michael"]
[Black "Sawatzki, Frank"]
[Result "1-0"]
[WhiteElo "2501"]
[BlackElo "2393"]
[PlyCount "51"]
[EventDate "2019.10.19"]
[EventType "team-tourn"]
[EventRounds "9"]
[EventCountry "GER"]
[SourceTitle "EXT 2023"]
[Source "ChessBase"]
[SourceDate "2022.10.05"]
[SourceVersion "1"]
[SourceVersionDate "2022.10.05"]
[SourceQuality "1"]
[WhiteTeam "Koenig Tegel"]
[BlackTeam "St Pauli"]
[WhiteTeamCountry "GER"]
[BlackTeamCountry "GER"]

1. d4 d5 2. c4 c6 3. cxd5 cxd5 4. Nc3 Nf6 5. Bg5 Ne4 6. Nxe4 dxe4 7. a3 Be6 8. Qa4+ Nc6 9. e3 Bd5 10. Ne2 f6 11. Bf4 e6 12. Nc3 a6 13. Rc1 Bd6 14. Bxd6 Qxd6 15. Bc4 f5 16. Bxd5 exd5 17. Qb3 Ne7 18. Na4 Rb8 19. Nb6 h5 20. Rc5 Rd8 21. Na4 f4 22. exf4 b5 23. Nc3 Qxf4 24. 0-0 e3 25. Nxd5 exf2+ 26. Rxf2 1-0